| 000 | 01109nam a2200301Ia 4500 | ||
|---|---|---|---|
| 001 | 6471 | ||
| 003 | IT-RoPAU | ||
| 008 | 130308s9999 xx 000 0 und d | ||
| 040 | _aIT-RoPAU | ||
| 040 | _cIT-RoPAU | ||
| 041 | _aITALIANO | ||
| 100 | _aGaslini Giorgio | ||
| 100 | _gCodice Aut. SPICS: 6239 | ||
| 245 | _aTecnica e arte del jazz | ||
| 245 | _bTecnica e Arte del Jazz | ||
| 250 | _a1a ed. | ||
| 260 | _aMILANO | ||
| 260 | _bRicordi | ||
| 260 | _c1982 [1° Ed.:1982 - Ed.Ling.Originale:1982] | ||
| 300 | _a"220 p. (prefazione: no ; testo: 220)" | ||
| 500 | _aOrigini Storiche dei Parametri del Jazz e Loro impiego ritmo Espresso e ritmo Sottinteso scale strutture e Sovrastrutture vari Tipi scale Musicali Accordi Armonici Composizione Musicale Armonia tonale maggiore e minore Intervalli Modalità e tonalità Improvvisazione Tema e variazione Tema e Improvvisazione Extratonalismo Serialismo Pancromatismo Dodecafonia forme Musicali Aperte | ||
| 650 | _aGENERI MUSICALI | ||
| 650 | _eCodice materia Spics: 7010 | ||
| 942 | _cBK | ||
| 957 | _71 | ||
| 999 |
_c74325 _d74325 |
||
| 999 | _bSI | ||
| 999 | _g1 | ||